| 000 | 00808nam a22002417 4500 | ||
|---|---|---|---|
| 001 | 58036 | ||
| 005 | 20250814210105.0 | ||
| 008 | 241128r |||a|||gr|||| 00| 0 spa d | ||
| 020 | _a9789585862753 | ||
| 040 |
_aCO-BoRNBP _bspa _erda _cCO-BoRNBP |
||
| 084 | _aN ECH3 | ||
| 100 | 1 |
_aEchavarría. Albeiro _eAutor _962297 |
|
| 245 | 1 | 3 |
_aLa tortuga, el muchacho y el escritor _cAlbeiro Echavarría; ilustrado por Felipe Meneses |
| 250 | _aSegunda | ||
| 264 | 1 |
_aBogotá, Colombia _bEnlace Editorial _c2016 |
|
| 300 |
_a143 páginas _c20 cm. |
||
| 336 |
_atexto _btxt _2rdacontenido |
||
| 337 |
_asin mediación _bn _2rdamedio |
||
| 338 |
_avolumen _bnc _2rdasoporte |
||
| 700 | 1 |
_aMeneses, Felipe ilustrado _eilustrador _962298 |
|
| 700 | 1 |
_aAlonso, Gregorio _ediseñador de la cubierta _962299 |
|
| 942 | _cBKLIT | ||
| 999 |
_c58036 _d58036 |
||